00738nam a2200205Ia 4500003000900000008004100009020001600050040001600066080001700082100002900099245011900128260003900247300001600286650003500302650003200337700002300369942000700392999001500399952011800414IN-BaIIA211028s9999 xx 000 0 eng d a486-61272-4 cIIA Library a(035)51bABR aMilton, Abramowitz99050 0aHandbook of mathematical functions with formulas groups and mathematical tablescAbramowitz Milton and Stegun Iren aNew YorkbDover Publicationsc1972 axiv, 1046p. a Mathematical functions99051 aMathematical tables 99052 aIren, Stegun99053 cBK c5083d5083 00104070aBANbBANcGENd1976-11-23g90.00l0o(035)51/ ABRp5678r2021-11-05v90.00w1976-11-23yBKGRs. 90.00